000 00782cab a22002175a 4500
001 L158316
008 141205e2014 xxk 000 0 eng d
035 _a(Sirsi) u158316
041 0 _aeng
100 1 _aSimmons, Mark
245 0 0 _aFocus
_bScotland
260 _c2014
490 _aEstates Gazette
_v(1448) 29 November 2014, 71-97(19)
520 _aIncludes feature on whether property has recovered after the referendum and the consequence of the result on industry as a whole in Scotland. Also includes information about office leasing and investment transactions in Edinburgh and Glasgow and regeneration in Glasgow's Clyde Valley.
590 _aKA
651 4 _aScotland
700 1 _aThame, David
700 1 _aRobson, Claire
700 1 _aStrohm, P.
942 _n0
999 _c84560
_d84560